| 000 | 00803nam a22002177a 4500 | ||
|---|---|---|---|
| 003 | BD-DhUL | ||
| 005 | 20161031184602.0 | ||
| 008 | 161031s2000 ii ||||| |||| 00| 0 eng d | ||
| 020 | _a9788186806768 | ||
| 040 |
_cBD-DhUL _dBD-DhUL |
||
| 082 |
_a891.449 _bHAB |
||
| 100 | _aমুখোপাধ্যায়, হরেকৃষ্ণ | ||
| 245 | 1 | 0 |
_aবৈষ্ণব পদাবলী / _cহরেকৃষ্ণ মুখোপাধ্যায় |
| 250 | _aসংশোধিত ৩য় | ||
| 260 |
_aকলিকাতা : _bসাহিত্য সংসদ, _c২০০০। |
||
| 300 |
_a [৩১], ১২৪৮ পৃ. ; _c২৩ সে. মি. |
||
| 365 |
_aRS _b500 |
||
| 650 | 0 | _aসংস্কৃত কাব্য | |
| 650 | 0 | _aSanskrit poetry | |
| 942 |
_2ddc _cBK |
||
| 999 |
_c118318 _d118318 |
||